Dynamic planning :the art of managing beyond tomorrow (Record no. 152763)

MARC details
000 -LEADER
fixed length control field 00400nam a2200145Ia 4500
008 - FIXED-LENGTH DATA ELEMENTS--GENERAL INFORMATION
fixed length control field 161229s9999 xx 000 0 und d
020 ## - INTERNATIONAL STANDARD BOOK NUMBER
International Standard Book Number 0195083083
082 ## - DEWEY DECIMAL CLASSIFICATION NUMBER
Classification number 658.4 GOL/DY
100 ## - MAIN ENTRY--PERSONAL NAME
Personal name Goldberg, Beverly
245 ## - TITLE STATEMENT
Title Dynamic planning :the art of managing beyond tomorrow
260 ## - PUBLICATION, DISTRIBUTION, ETC. (IMPRINT)
Name of publisher, distributor, etc. Oxford University Press
Place of publication, distribution, etc. New York
Date of publication, distribution, etc. 1994
300 ## - PHYSICAL DESCRIPTION
Extent xi, 288
700 ## - ADDED ENTRY--PERSONAL NAME
Personal name Sifons, John G
942 ## - ADDED ENTRY ELEMENTS (KOHA)
Koha item type Books (General)
Holdings
Withdrawn status Lost status Damaged status Not for loan Home library Current library Date acquired Cost, normal purchase price Total Checkouts Full call number Barcode Date last seen Price effective from Koha item type Public note
        KAU Central Library, Thrissur KAU Central Library, Thrissur 29/12/2016 275.00   658.4 GOL/DY 904072 29/12/2016 29/12/2016 Books (General) Book transferred from CCBM Library ,Acc.No:6106
Kerala Agricultural University Central Library
Thrissur-(Dt.), Kerala Pin:- 680656, India
Ph : (+91)(487) 2372219
E-mail: librarian@kau.in
Website: http://library.kau.in/